000 00754nas a2200253 4500
001 BR6005480
003 BR-BrBNA
005 20231205082028.0
007 ta
008 230509b bl.|||p| |||| 00| 00por d
040 _aBR-BrBNA
_bpor
_cBiblioteca Nacional de Agricultura
041 _a(Pt)
072 _aQ20
100 1 _aLeitao, M.F.F.
100 1 _aDelazari, I.
100 1 _aMoraes, C. de
245 1 _aMicrobiologia do camarao-rosa (Penaeus brasiliensis)congelado
650 _aCAMARAO ROSA
650 _aMICROBIOLOGIA DE ALIMENTO
650 _aCONGELAMENTO
773 0 _tColetanea do Instituto de Tecnologia de Alimentos (Brazil)
_x
_g(1973), v. 5 p. 17-34
_wBR6005480
909 _a202311
_bLúcia
_c55
_dLúcia Elande
942 _2AGRIS
_n0
_cANA
999 _c88666
_d88666